Fundamentals of menu planning / (Record no. 3093)
[ view plain ]
| 000 -LEADER | |
|---|---|
| fixed length control field | 00787nam a22002417a 4500 |
| 003 - CONTROL NUMBER IDENTIFIER | |
| control field | OSt |
| 005 - DATE AND TIME OF LATEST TRANSACTION | |
| control field | 20240924091831.0 |
| 008 - FIXED-LENGTH DATA ELEMENTS--GENERAL INFORMATION | |
| fixed length control field | 240924b |||||||| |||| 00| 0 eng d |
| 020 ## - INTERNATIONAL STANDARD BOOK NUMBER | |
| International Standard Book Number | 9780470072677 |
| 040 ## - CATALOGING SOURCE | |
| Original cataloging agency | DWCL-main lib. |
| Transcribing agency | OC |
| 082 ## - DEWEY DECIMAL CLASSIFICATION NUMBER | |
| Classification number | Circ. 642.5 M113f 2009 |
| 100 ## - MAIN ENTRY--PERSONAL NAME | |
| Personal name | MCVETY, PAUL J. |
| 245 ## - TITLE STATEMENT | |
| Title | Fundamentals of menu planning / |
| Statement of responsibility, etc. | Paul J. McVety, Bradley J. Ware, Claudette Levesque Ware |
| 250 ## - EDITION STATEMENT | |
| Edition statement | Third edition. |
| 260 ## - PUBLICATION, DISTRIBUTION, ETC. | |
| Place of publication, distribution, etc. | N. J. : |
| Name of publisher, distributor, etc. | John Wiley & Sons, Inc., |
| Date of publication, distribution, etc. | c2009. |
| 300 ## - PHYSICAL DESCRIPTION | |
| Extent | xiii, 258 pages : |
| Other physical details | illustrations ; |
| Dimensions | 28 cm. |
| 504 ## - BIBLIOGRAPHY, ETC. NOTE | |
| Bibliography, etc. note | Includes bibliographical references and index. |
| 650 ## - SUBJECT ADDED ENTRY--TOPICAL TERM | |
| Topical term or geographic name entry element | Menus |
| 650 ## - SUBJECT ADDED ENTRY--TOPICAL TERM | |
| Topical term or geographic name entry element | Food service |
| 700 ## - ADDED ENTRY--PERSONAL NAME | |
| Personal name | Ware, Bradley J. |
| 700 ## - ADDED ENTRY--PERSONAL NAME | |
| Personal name | Levesque Ware, Claudette |
| 942 ## - ADDED ENTRY ELEMENTS (KOHA) | |
| Source of classification or shelving scheme | Dewey Decimal Classification |
| Koha item type | Book Circulation |
| Call number prefix | Circ. 642.5 M113f 2009 |
| Suppress in OPAC | Yes |
| 952 ## - LOCATION AND ITEM INFORMATION (KOHA) | |
| -- | |
| 952 ## - LOCATION AND ITEM INFORMATION (KOHA) | |
| -- | |
| Withdrawn status | Lost status | Source of classification or shelving scheme | Damaged status | Not for loan | Home library | Current library | Shelving location | Date acquired | Source of acquisition | Total Checkouts | Full call number | Barcode | Date last seen | Copy number | Price effective from | Koha item type | Uniform Resource Identifier |
|---|---|---|---|---|---|---|---|---|---|---|---|---|---|---|---|---|---|
| Dewey Decimal Classification | College Library | College Library | Circulation | 06/20/2009 | SF | Circ. 642.5 M113f 2009 | 46665 | 09/24/2024 | c2 | 09/24/2024 | BK-CIRC | ||||||
| Dewey Decimal Classification | HM & Nursing Library | HM & Nursing Library | Circulation | 06/23/2008 | SF | Circ. 642.5 M113f 2009 | 45914 | 09/24/2024 | c1 | 09/24/2024 | BK-CIRC |